000 00895nam a2200241Ia 4500
003 OSt
005 20221002043758.0
006 a|||||r|||| 00| 0
007 ta
008 220930b |||||||| |||| 00| 0 hin d
020 _a8170165091 (hbk)
_c295
024 _a107002
037 _b12961, 19/03/2011, Kitab Ghar
_cReference Collections
040 _aCRL
_cCRL
_bhin
041 _2hin
_ahin
082 _aP152,3k, P7(RR)
100 _aमर्ग, लक्ष्मीनारायण, संपा.
245 0 _aहिंदी शब्द - प्रयोग कोश
260 _aनयी
_bदिल्ली किताबघर
_c2007
300 _a312चण्
_ccm.
942 _hP152,3k, P7(RR)
_cref
_2CC
999 _c908896
_d908896